| 000 | 01982cam a22003735a 4500 | ||
|---|---|---|---|
| 003 | EG-ScBUE | ||
| 005 | 20220511102650.0 | ||
| 008 | 090530r20062005enka f d 001 0 eng d | ||
| 020 | _a0521669944 | ||
| 020 | _a9780521669948 | ||
| 040 |
_aEG-ScBUE _beng _erda _cEG-ScBUE _dEG-ScBUE |
||
| 082 | 0 | 4 |
_a428 _bHUG _222 |
| 100 | 1 |
_aHughes, Rebecca, _d1962- _eauthor. _95635 |
|
| 245 | 1 | 0 |
_aExploring grammar in writing : _bupper-intermediate and advanced : with answers / _cRebecca Hughes. |
| 250 | _aReprinted edition. | ||
| 264 | 1 |
_aCambridge : _bCambridge University Press, _c2006. |
|
| 300 |
_aviii, 168 pages : _billustrations ; _c25 cm |
||
| 336 |
_2rdacontent _atext _btxt |
||
| 337 |
_2rdamedia _aunmediated _bn |
||
| 338 |
_2rdacarrier _avolume _bnc |
||
| 500 | _aIncludes glossary. | ||
| 500 | _aIncludes index. | ||
| 505 | 0 | _a1. Everyday notes -- 2. Greetings cards -- 3. Formal letters and e-mails -- 4. Policies and agreements -- 5. Business letters -- 6. Hobby books -- 7. Informal letters and e-mails -- 8. Catalogues -- 9. Technical manuals -- 10. Encyclopaedias -- 11. Blurbs -- 12. Holiday brochures -- 13. Travel guides -- 14. Direct mail -- 15. Everyday instruction booklets -- 16. Newspaper stories -- 17. Packaging -- 18. Advertisements -- 19. Essays and reports -- 20. Feature articles. | |
| 520 | _aThis book contains varied practice activities and a wide range of formal and informal text-types for upper-intermediate to advanced students. | ||
| 590 | _aDoha Ragab Reviewed by: Wessam | ||
| 650 | 7 |
_aEnglish language _xGrammar _vProblems, exercises, etc. _2BUEsh _95636 |
|
| 650 | 7 |
_aEnglish language _xWritten English _vProblems, exercises, etc. _2BUEsh _95637 |
|
| 650 | 7 |
_aEnglish language _vTextbooks for foreign speakers. _2BUEsh _95638 |
|
| 651 | _2BUEsh | ||
| 653 |
_bHHUUEENN _cOctober2018 |
||
| 655 |
_vReading book _934232 |
||
| 856 | 4 | 2 |
_3Table of contents only _uhttp://www.loc.gov/catdir/enhancements/fy0632/2005296739-t.html |
| 942 |
_2ddc _cBB |
||
| 999 |
_c9186 _d9186 |
||